000 00437ngm a2200169 i 4500
001 C2-0321089
003 PPAK
005 20180727221710.0
008 130128s2009 my |||| ||||| | vleng d
040 _aPPAK
_beng
_cPPAK
_erda
245 0 0 _aPingu's first kiss
264 1 _aSelangor :
_bHVN Entertainment ,
_c2009
336 _2rdacontent
_atext
337 _2rdamedia
_aunmediated
338 _2rdacarrier
_avolume
942 _2ddc
_cDVD
999 _c167300
_d167300